|
|
|
|
| LEADER |
01544nam a2200373 i 4500 |
| 001 |
EBC5488997 |
| 003 |
MiAaPQ |
| 005 |
20200520144314.0 |
| 006 |
m o d | |
| 007 |
cr cnu|||||||| |
| 008 |
180919s2017 xr o 000 0 cze d |
| 020 |
|
|
|z 9788021086517
|
| 020 |
|
|
|a 9788021086524
|q (electronic bk.)
|
| 035 |
|
|
|a (MiAaPQ)EBC5488997
|
| 035 |
|
|
|a (Au-PeEL)EBL5488997
|
| 035 |
|
|
|a (OCoLC)1048903166
|
| 040 |
|
|
|a MiAaPQ
|b eng
|e rda
|e pn
|c MiAaPQ
|d MiAaPQ
|
| 050 |
|
4 |
|a BJ1475
|b .S687 2017
|
| 082 |
0 |
|
|a 177.7
|2 23
|
| 100 |
1 |
|
|a Souralova, Adela,
|e author.
|
| 245 |
1 |
0 |
|a Pece na prodej :
|b Jak se prace z lasky stava placenou sluzbou /
|c Adela Souralova ; ilustrace Vendula ChalanKova.
|
| 264 |
|
1 |
|a Brno :
|b Masarykova univerzita,
|c 2017.
|
| 300 |
|
|
|a 1 online resource (251 pages)
|
| 336 |
|
|
|a text
|b txt
|2 rdacontent
|
| 337 |
|
|
|a computer
|b c
|2 rdamedia
|
| 338 |
|
|
|a online resource
|b cr
|2 rdacarrier
|
| 588 |
|
|
|a Description based on print version record.
|
| 590 |
|
|
|a Electronic reproduction. Ann Arbor, MI : ProQuest, 2018. Available via World Wide Web. Access may be limited to ProQuest affiliated libraries.
|
| 650 |
|
0 |
|a Caring.
|
| 655 |
|
4 |
|a Electronic books.
|
| 700 |
1 |
|
|a ChalanKova, Vendula,
|e illustrator.
|
| 776 |
0 |
8 |
|i Print version:
|a Souralova, Adela.
|t Pece na prodej : Jak se prace z lasky stava placenou sluzbou.
|d Brno : Masarykova univerzita, 2017
|h 251 pages
|z 9788021086517
|
| 797 |
2 |
|
|a ProQuest (Firm)
|
| 856 |
4 |
0 |
|u https://ebookcentral.proquest.com/lib/matrademy/detail.action?docID=5488997
|z Click to View
|